| 000 | 00540nam a2200193Ia 4500 | ||
|---|---|---|---|
| 003 | OSt | ||
| 005 | 20250204142108.0 | ||
| 008 | 210210b1971 xxu||||| |||| 00| 0 eng d | ||
| 040 | _cAL | ||
| 041 | _aKannada | ||
| 082 | _aK894.4 MUDS | ||
| 100 |
_aMUDDANNA. _9149870 _dಮುದ್ದಣ್ಣ |
||
| 245 |
_aShri Ramashvamedham _bಶ್ರೀರಾಮಾಶ್ವಮೇಧಂ |
||
| 260 |
_aKundapura _bGovinda Pai Smaraka Prakashana _c1971 |
||
| 300 | _axiv,213 | ||
| 690 |
_aKannada Prose _9149871 |
||
| 906 | _a030855 | ||
| 942 |
_2ddc _cBK |
||
| 999 |
_c81925 _d81925 |
||